Произведения по топонимам в названиях и их авторы - Statistics

General Stats
  • This quiz has been taken 13 times
  • The average score is 8 of 15
Answer Stats
Название Автор % Correct
Путешествие из Петербурга в Москву Александр Радищев
89%
Собор Парижской Богоматери Виктор Гюго
89%
Москва и москвичи Владимир Гиляровский
78%
Москва - Петушки Венедикт Ерофеев
78%
Смерть на Ниле Агата Кристи
67%
Дублинцы Джеймс Джойс
56%
Сердца в Атлантиде Стивен Кинг
56%
Краткая история пейнтбола в Москве Виктор Пелевин
44%
В окопах Сталинграда Виктор Некрасов
44%
Амстердам Иэн Макьюэн
33%
Петербург Андрей Белый
33%
Смерть в Венеции Томас Манн
33%
Страх и отвращение в Лас-Вегасе Хантер Томпсон
33%
Нью-йоркская трилогия Пол Остер
22%
Галапагосы Курт Воннегут
22%
No matching quizzes found
Score Distribution
Percent of People with Each Score
Percentile by Number Answered
Your Score History
You have not taken this quiz